Michea / (Record n. 357753)

Dettagli MARC
000 -LEADER
fixed length control field 01307nam a2200301 a 4500
001 - CONTROL NUMBER
control field 000000429100
003 - CONTROL NUMBER IDENTIFIER
control field IT-MiSPE
005 - DATE AND TIME OF LATEST TRANSACTION
control field 20180120122342.0
008 - FIXED-LENGTH DATA ELEMENTS--GENERAL INFORMATION
fixed length control field 170628s2017 it 001 0 ita d
020 ## - INTERNATIONAL STANDARD BOOK NUMBER
International Standard Book Number 9788831548700
040 ## - CATALOGING SOURCE
Original cataloging agency PUG
Language of cataloging ita
Modifying agency clb
Transcribing agency IT-MiSPE
084 ## - OTHER CLASSIFICATION NUMBER
Classification number 12 M
084 ## - OTHER CLASSIFICATION NUMBER
Classification number 11 H
130 0# - MAIN ENTRY--UNIFORM TITLE
Uniform title Biblia.
Name of part/section of a work V.T.
-- Michaeas.
Language of a work Italiano.
9 (RLIN) 56762
245 10 - TITLE STATEMENT
Title Michea /
Statement of responsibility, etc. nuova versione, introduzione e commento di Massimiliano Scandroglio.
260 ## - PUBLICATION, DISTRIBUTION, ETC. (IMPRINT)
Place of publication, distribution, etc. Milano :
Name of publisher, distributor, etc. Edizioni Paoline,
Date of publication, distribution, etc. ©2017.
300 ## - PHYSICAL DESCRIPTION
Extent 277 p. ;
Dimensions 24 cm
490 1# - SERIES STATEMENT
Series statement I libri biblici.
-- Primo Testamento ;
Volume/sequential designation 017
504 ## - BIBLIOGRAPHY, ETC. NOTE
Bibliography, etc Bibliografia (p. [241]-260) e indici
630 04 - SUBJECT ADDED ENTRY--UNIFORM TITLE
Uniform title Biblia.
Name of part/section of a work V.T.
-- Michaeas
General subdivision Versioni italiano.
9 (RLIN) 56763
630 04 - SUBJECT ADDED ENTRY--UNIFORM TITLE
Uniform title Biblia.
Name of part/section of a work V.T.
-- Michaeas
General subdivision Commenti italiano.
9 (RLIN) 56764
655 #7 - INDEX TERM--GENRE/FORM
Genre/form data or focus term Sacra Scrittura. Studi sul Vecchio Testamento
General subdivision Profeti minori.
Source of term local
9 (RLIN) 56765
655 #7 - INDEX TERM--GENRE/FORM
Genre/form data or focus term Sacra Scrittura. Testi originali, versioni, traduzioni antiche e traduzioni moderne
General subdivision Italiano.
Source of term local
9 (RLIN) 56766
700 1# - ADDED ENTRY--PERSONAL NAME
Personal name Scandroglio, Massimiliano,
Titles and other words associated with a name sac.,
Dates associated with a name 1977-,
Relator term traduttore,
-- autore di introduzione,
-- commentatore di testo scritto.
9 (RLIN) 56767
830 #2 - SERIES ADDED ENTRY--UNIFORM TITLE
Uniform title I libri biblici.
Name of part/section of a work Primo Testamento ;
Volume number/sequential designation 017.
9 (RLIN) 56768
942 ## - ADDED ENTRY ELEMENTS (KOHA)
Source of classification or shelving scheme Dewey Decimal Classification
Koha item type LIBRO
Dati di copia
Withdrawn status Lost status Source of classification or shelving scheme Damaged status Not for loan Home library Current library Date acquired Total Checkouts Full call number Barcode Date last seen Price effective from Koha item type
    Dewey Decimal Classification Buone Condizioni Not For Loan CINISELLO CINISELLO 20/01/2018   220.66 LIB bi (23095) 9788831548700 20/01/2018 20/01/2018 LIBRO
CREDITS: SOCIETA' SAN PAOLO Via A.Severo, 58 - ROMA (RM) & PERIODICI SAN PAOLO SRL Via Giotto, 36 MILANO & CISF Via Giotto, 36 MILANO & EDIZIONI SAN PAOLO SRL,  Piazza Soncino, 5 CINISELLO BALSAMO (MI) -- ITALY